00345nam a2200109Ia 4500008004100000082000800041100001900049245005100068942000600119952009500125999001500220240331s9999 xx 000 0 und d bMUT aMuthumeeran, S 0aKilakilankai muslimkalin kramiyak kaviyamutham cL 001040708LaWERCLbWERCLcSSCd2024-03-31l0o 398 MUTp1672r2024-03-31w2024-03-31yL c3629d3629